मनोरंजक ग्रामीण खेल (Record no. 7337)
[ view plain ]
| 000 -LEADER | |
|---|---|
| fixed length control field | 01011 a2200193 4500 |
| 020 ## - INTERNATIONAL STANDARD BOOK NUMBER | |
| International Standard Book Number | 8179320405 |
| Terms of availability | 100.00 |
| 035 ## - SYSTEM CONTROL NUMBER | |
| System control number | B-211894 |
| 037 ## - SOURCE OF ACQUISITION | |
| Source of stock number/acquisition | D.B.Act / Pub |
| 082 14 - DEWEY DECIMAL CLASSIFICATION NUMBER | |
| Classification number | 790 |
| 090 ## - LOCALLY ASSIGNED LC-TYPE CALL NUMBER (OCLC); LOCAL CALL NUMBER (OCLC) | |
| -- | 7467 |
| -- | 7467 |
| 100 1# - MAIN ENTRY--PERSONAL NAME | |
| Personal name | नाटाणी, प्रकाश नारायण |
| 245 1# - TITLE STATEMENT | |
| Title | मनोरंजक ग्रामीण खेल |
| Statement of responsibility, etc | प्रकाश नारायण नाटाणी |
| 246 ## - VARYING FORM OF TITLE | |
| Title proper/short title | Manoranjak Grameen Khail |
| Remainder of title | Prkash Narayan Natanee |
| 260 ## - PUBLICATION, DISTRIBUTION, ETC. (IMPRINT) | |
| Place of publication, distribution, etc | जयपुर |
| Name of publisher, distributor, etc | साहित्य चन्द्रिका प्रकाशन |
| Date of publication, distribution, etc | 2006 |
| 270 ## - ADDRESS | |
| Address | 24,न्यू पिंकसिटी मार्केट,सिद्धेश्वर मन्दिर के पीछे, पंचवटी, राजापार्क |
| City | जयपुर |
| 300 ## - PHYSICAL DESCRIPTION | |
| Extent | 90पृ |
| Other physical details | (सचित्र) |
| Dimensions | 22सेमी(सजिल्द) |
| 942 ## - ADDED ENTRY ELEMENTS (KOHA) | |
| Institution code [OBSOLETE] | dpl |
| Koha item type | Children Books |
| Call number prefix | 790 / नाटाणी |
| Withdrawn status | Lost status | Source of classification or shelving scheme | Damaged status | Not for loan | Collection code | Home library | Current library | Date acquired | Source of acquisition | Cost, normal purchase price | Total Checkouts | Full call number | Barcode | Date last seen | Cost, replacement price | Price effective from | Koha item type |
|---|---|---|---|---|---|---|---|---|---|---|---|---|---|---|---|---|---|
| Dewey Decimal Classification | Non-fiction | Yojana Vihar | Yojana Vihar | 07/10/2019 | BPPD/PUB | 100.00 | 790- | B-211894 | 07/10/2019 | 100.00 | 07/10/2019 | Children Books |
